Emerging Theology of Religions (Record no. 7727)

MARC details
000 -LEADER
fixed length control field 00691nam a2200253 a 4500
020 ## - INTERNATIONAL STANDARD BOOK NUMBER
ISBN
082 00 - DEWEY DECIMAL CLASSIFICATION NUMBER
Classification number 261.2
Author Cutter EMP
100 ## - MAIN ENTRY--AUTHOR NAME
Author name Emprayil, Thomas
245 ## - TITLE STATEMENT
Title Emerging Theology of Religions
Sub title Contribution of the Catholic Church in Indi
260 ## - PUBLICATION, DISTRIBUTION, ETC. (IMPRINT)
Place of publication Cochin
Name of publisher Vincentain Publishing Bureau
Year of publication 1980
300 ## - PHYSICAL DESCRIPTION
Number of Pages 212p
500 ## - GENERAL NOTE
General note includes index and biblioraphy
505 2# - FORMATTED CONTENTS NOTE
Formatted contents note Bibliography
650 ## - SUBJECT ADDED ENTRY--TOPICAL TERM
Topical Term Christianity and Other Religions
650 ## - SUBJECT ADDED ENTRY--TOPICAL TERM
Topical Term Theology-Religion
942 ## - ADDED ENTRY ELEMENTS (KOHA)
Koha item type Books
700 1# -
-- Emprayil, Thomas
Holdings
Home library Current library Date acquired Cost, normal purchase price Full call number Accession Number Koha item type
Henry Martyn Institute Library Henry Martyn Institute Library 10/05/2007 20.00 261.2 EMP 014271 E-Books
                   Copyright © 2026 | Henry Martyn Institute | Hyderabad | TS-500052 | INDIA | Implemented by hmi.edu.in
Hit-Count:

Powered by Koha